000 00203 a2200097 4500
001 125462
040 _cEscola Canadense de Niteroi
100 _aEditores Bloch
245 1 0 _aOs Animais Vol.1
942 _cBK
999 _c125462
_d125462